000 00571nam a22002177a 4500
003 UA-OsUOA
001 59609
007 ta
008 20090406b un ||||| |||| 00| 0 ukr d
100 _aЖук О.
090 _a82
_bЖ85
942 _cSA
040 _aUA-OsUOA
_bukr
_cUA-OsUOA
_dUA-OsUOA
245 _aРобив свою справу, молячись у тиші/Про М.Гоголя
300 _aС.10-11
955 _a0
041 _aukr
080 _a82
773 0 _w59608
650 7 _a82 Література. Літературознавство
_2UDC
999 _c345584
_d345584